书目信息 |
| 题名: |
SQL Server范例开发大全
|
|
| 作者: | 李俊民 , 王浩 , 刘丽霞 编著 | |
| 分册: | ||
| 出版信息: | 北京 清华大学出版社 2010.06 |
|
| 页数: | 616页 | |
| 开本: | 26cm | |
| 丛书名: | ||
| 单 册: | ||
| 中图分类: | TP311.138SQ | |
| 科图分类: | ||
| 主题词: | 关系数据库--数据库管理系统 | |
| 电子资源: | ||
| ISBN: | 978-7-302-21522-6 | |
| 000 | 01000nam0 2200277 450 | |
| 001 | 000000001043 | |
| 005 | 20101122120008.59 | |
| 010 | @a978-7-302-21522-6@dCNY76.00 (含光盘) | |
| 010 | @a978-7-89474-966-6@b光盘 | |
| 100 | @a20101129d2010 km y0chiy0120 ea | |
| 101 | 0 | @achi |
| 102 | @aCN@b110000 | |
| 105 | @aa z 000yy | |
| 200 | 1 | @aSQL Server范例开发大全@ASQL Server fan li kai fa da quan@f李俊民, 王浩, 刘丽霞等编著 |
| 210 | @a北京@c清华大学出版社@d2010.06 | |
| 215 | @a616页@c图@d26cm@e光盘1片 | |
| 300 | @a程序员典藏 | |
| 330 | @a本书共22章,分5篇。主要内容包括:SQL Server 2005的安装与配置、数据库和数据表的管理和操作、基础查询、函数查询、高级查询、数据更新与维护、使用SQL语句维护数据库和数据表、索引及检索等。 | |
| 606 | 0 | @a关系数据库@x数据库管理系统 |
| 610 | @aSQL Server | |
| 690 | @aTP311.138SQ@v4 | |
| 701 | 0 | @a李俊民@Ali jun min@4编著 |
| 701 | 0 | @a王浩@Awang hao@4编著 |
| 701 | 0 | @a刘丽霞@Aliu li xia@4编著 |
| 801 | 0 | @aCN@c20101129 |
| 905 | @dTP311.138SQ@eL184 | |
| SQL Server范例开发大全/李俊民, 王浩, 刘丽霞等编著.-北京:清华大学出版社,2010.06 |
| 616页:图;26cm+光盘1片 |
| 程序员典藏 |
| ISBN 978-7-302-21522-6:CNY76.00 (含光盘) |
| 本书共22章,分5篇。主要内容包括:SQL Server 2005的安装与配置、数据库和数据表的管理和操作、基础查询、函数查询、高级查询、数据更新与维护、使用SQL语句维护数据库和数据表、索引及检索等。 |
| ● |
| 相关链接 |
|
|
|
正题名:SQL Server范例开发大全
索取号:TP311.138SQ/L184
 
预约/预借
| 序号 | 登录号 | 条形码 | 馆藏地/架位号 | 状态 | 备注 |
| 1 | 1034501 | 210345018 | 期刊室512/301自科库 42排3列4层/ [索取号:TP311.138SQ/L184] | 在馆 | |
| 2 | 1034502 | 210345027 | 自科库301/301自科库 49排3列2层/ [索取号:TP311.138SQ/L184] | 在馆 | |
| 3 | 1034503 | 210345036 | 自科二线400A/301自科库 46排7列3层/ [索取号:TP311.138SQ/L184] | 在馆 |